000 00632cam a2200229 a 4500
001 000006681
005 20200929153956.0
008 751202s1996 cu 000 f spa d
040 _aDO-SdBNP
_bspa
_cLC
_dBNPHU
082 _aCu863.4
_bC297gu
100 1 _aCarpentier, Alejo,
_d1904-1980.
_98634
245 1 0 _aGuerra del tiempo /
_cAlejo Carpentier.
260 _aMadrid :
_bAlianza,
_c1996.
300 _a95 p. ;
_c15 cm.
490 1 _aAlianza cien
650 4 _aNovela cubana
_92316
650 4 _aLiteratura cubana
_91483
830 0 _aAlianza cien
_912832
910 _aCatalogación derivada
910 _aWM
049 _aBNGR
999 _c6470
_d6470